[Event "ICS rated blitz match"]
[Site "204.178.125.65"]
[Date "2001.04.26"]
[Round "?"]
[White "QuarkX"]
[Black "Hossa"]
[Result "0-1"]
[WhiteElo "2548"]
[BlackElo "2609"]
[PlyCount "164"]
[EventDate "2001.??.??"]

1. d4 d5 2. c4 c6 3. Nf3 Nf6 4. Nc3 dxc4 5. a4 Bf5 6. e3 e6 7. Bxc4 Bb4 8. O-O
Nbd7 9. Qe2 Bg6 10. e4 O-O 11. Bd3 c5 12. Na2 Ba5 13. e5 Nd5 14. Bxg6 fxg6 15.
Bg5 Qc7 16. Rfc1 h6 17. Be3 Rac8 18. Qd3 Rf5 19. Nc3 Bxc3 20. bxc3 Rcf8 21. Bd2
cxd4 22. cxd4 Qd8 23. Rab1 Qe7 24. Rb3 N7b6 25. a5 Na8 26. Qe4 Qd7 27. Rcb1 b6
28. g4 R5f7 29. g5 h5 30. Kg2 Rf5 31. axb6 Naxb6 32. h4 Qc6 33. Rc1 Nf4+ 34.
Qxf4 Qd5 35. Qe3 Nc4 36. Rxc4 Rxf3 37. Qxf3 Rxf3 38. Rxf3 Qxc4 39. Bc3 Qd5 40.
Kg3 a5 41. Kf4 a4 42. Bb2 Qc4 43. Kg3 Qf1 44. Ba3 Qg1+ 45. Kf4 Qg4+ 46. Ke3
Qxh4 47. Be7 Qh1 48. Ke2 Qb1 49. Rd3 Qb7 50. Bc5 Qe4+ 51. Re3 Qg4+ 52. Ke1 Qxg5
53. Rc3 h4 54. Ra3 Qc1+ 55. Ke2 Qc2+ 56. Kf1 g5 57. Rh3 Qd1+ 58. Kg2 g4 59.
Rxh4 Qf3+ 60. Kg1 a3 61. Bxa3 g3 62. fxg3 Qxg3+ 63. Kf1 Qxh4 64. Bc5 Qh2 65.
Ke1 g5 66. Kd1 g4 67. d5 Qh1+ 68. Kc2 Qe4+ 69. Kb3 Qxd5+ 70. Kb4 Qxc5+ 71. Kxc5
g3 72. Kd6 g2 73. Kxe6 g1=Q 74. Kd5 Qd1+ 75. Kc5 Kf7 76. Kb5 Ke6 77. Kc4 Kxe5
78. Kb4 Kd5 79. Kc3 Kc5 80. Kb2 Kb4 81. Ka2 Kc3 82. Ka3 Qa1# {QuarkX checkmated
} 0-1

[Event "ICS rated blitz match"]
[Site "204.178.125.65"]
[Date "2001.04.26"]
[Round "?"]
[White "Hossa"]
[Black "QuarkX"]
[Result "1-0"]
[WhiteElo "2622"]
[BlackElo "2535"]
[PlyCount "119"]
[EventDate "2001.??.??"]

1. e4 e5 2. Nf3 Nc6 3. Bc4 Nf6 4. d3 Be7 5. O-O O-O 6. Bb3 d6 7. c3 Bg4 8. h3
Bh5 9. Qe2 a5 10. Be3 d5 11. exd5 Nxd5 12. Ba4 Bxf3 13. Qxf3 Ra6 14. Bb5 Ra8
15. Bxc6 bxc6 16. Qf5 Nxe3 17. fxe3 Qd5 18. c4 Qc5 19. Re1 g6 20. Qf3 Rfd8 21.
Qe2 Qd6 22. Rd1 e4 23. d4 c5 24. Nc3 f5 25. d5 c6 26. Qf2 a4 27. g3 a3 28. bxa3
Qe5 29. Rac1 Rxa3 30. Nb1 Rd3 31. Rxd3 exd3 32. dxc6 Qe6 33. Nc3 Qxc6 34. Nd5
Rxd5 35. cxd5 Qxd5 36. a4 c4 37. Qb2 Qf3 38. Qf2 Qxf2+ 39. Kxf2 d2 40. Rb1 Bd6
41. Ke2 c3 42. Kd3 Bxg3 43. Kxc3 Be1 44. Rd1 Bg3 45. Rxd2 Be5+ 46. Kc4 Kf8 47.
a5 Ke8 48. Rb2 Bxb2 49. a6 Be5 50. a7 Kf7 51. a8=Q Bf6 52. Qb7+ Kg8 53. Kd5 Bg7
54. Ke6 h5 55. Qb8+ Bf8 56. Kf6 f4 57. Qb3+ Kh8 58. Qf7 Bh6 59. Kxg6 fxe3 60.
Qh7# {QuarkX checkmated} 1-0

[Event "ICS rated blitz match"]
[Site "204.178.125.65"]
[Date "2001.04.26"]
[Round "?"]
[White "QuarkX"]
[Black "Hossa"]
[Result "1/2-1/2"]
[WhiteElo "2523"]
[BlackElo "2634"]
[PlyCount "105"]
[EventDate "2001.??.??"]

1. d4 d5 2. c4 c6 3. Nc3 e6 4. e3 Nf6 5. Nf3 Nbd7 6. Qc2 Bd6 7. Be2 dxc4 8.
Bxc4 Nb6 9. Be2 O-O 10. e4 c5 11. dxc5 Bxc5 12. e5 Nfd5 13. O-O Nb4 14. Qe4 f5
15. exf6 Qxf6 16. Bg5 Qf7 17. a3 Nc6 18. b4 Nd5 19. Bd3 g6 20. Qc4 Be7 21. Bh6
Nxc3 22. Bxf8 Qxf8 23. Qxc3 Bf6 24. Qc4 Bxa1 25. Rxa1 Qf6 26. Re1 a6 27. Be4
Ne5 28. Nxe5 Qxe5 29. Rd1 Kg7 30. g3 a5 31. f4 Qb8 32. Qc3+ e5 33. fxe5 axb4
34. axb4 Be6 35. Kh1 Ra2 36. Qc5 Kh6 37. Qe3+ Kg7 38. Qg5 Qf8 39. Bxb7 Qf2 40.
Qe7+ Kh6 41. Qh4+ Kg7 42. Rc1 Re2 43. Rc7+ Bf7 44. Qf6+ Qxf6 45. exf6+ Kxf6 46.
Rd7 Rb2 47. Rd4 Rb1+ 48. Kg2 Rb2+ 49. Kg1 Rb1+ 50. Kf2 Rb2+ 51. Kg1 Rb1+ 52.
Kf2 Rb2+ 53. Kg1 {Game drawn by repetition} 1/2-1/2

[Event "ICS rated blitz match"]
[Site "204.178.125.65"]
[Date "2001.04.26"]
[Round "?"]
[White "Hossa"]
[Black "QuarkX"]
[Result "1-0"]
[WhiteElo "2629"]
[BlackElo "2528"]
[PlyCount "155"]
[EventDate "2001.??.??"]

1. e4 c5 2. Nf3 Nc6 3. Bb5 e6 4. Bxc6 bxc6 5. b3 f6 6. d3 d5 7. O-O Bd6 8. e5
fxe5 9. Nxe5 Nf6 10. Qe2 Qc7 11. Bb2 O-O 12. Nd2 Bb7 13. Rfe1 Rad8 14. Ndf3 Nh5
15. Ng5 Nf4 16. Qg4 h5 17. Qh4 Rf5 18. Nef3 Be7 19. Be5 Bxg5 20. Bxc7 Bxh4 21.
Nxh4 Rd7 22. Nxf5 Rxc7 23. Nh4 g5 24. Nf3 Rg7 25. Ne5 Ng6 26. Nxg6 Rxg6 27. Re5
h4 28. f3 Kf7 29. Rae1 Ke7 30. Kf2 a5 31. a3 Kf7 32. Ke2 Bc8 33. h3 Kf6 34. Kd2
Rg7 35. Kc3 Re7 36. a4 Rb7 37. Kd2 Bd7 38. Kc1 Rb8 39. R1e2 Re8 40. Kd2 Re7 41.
c3 Be8 42. Re1 Bf7 43. R5e3 Rc7 44. R3e2 Rb7 45. Kc2 Rb8 46. Re5 Re8 47. R5e3
Rb8 48. R3e2 Rc8 49. Rd2 Kf5 50. Kc1 Rb8 51. Rb2 Kf4 52. Kd2 e5 53. Rbb1 Bg6
54. Rg1 c4 55. bxc4 Rxb1 56. Rxb1 dxc4 57. Rb6 Bxd3 58. Rxc6 e4 59. fxe4 Bxe4
60. Rxc4 Kf5 61. g4+ hxg3 62. Ke3 Ba8 63. Rc5+ Kg6 64. Rxa5 Bg2 65. Ra6+ Kh5
66. Rd6 Bb7 67. a5 Bc8 68. Kf3 Bf5 69. Kxg3 Be4 70. a6 Bh1 71. c4 Be4 72. c5 g4
73. c6 Bxc6 74. Rxc6 gxh3 75. a7 Kg5 76. a8=Q Kf5 77. Rd6 Ke5 78. Qd5# {
QuarkX checkmated} 1-0

[Event "ICS rated blitz match"]
[Site "204.178.125.65"]
[Date "2001.04.26"]
[Round "?"]
[White "QuarkX"]
[Black "Hossa"]
[Result "1-0"]
[WhiteElo "2517"]
[BlackElo "2629"]
[PlyCount "162"]
[EventDate "2001.??.??"]

1. e4 c5 2. Nf3 d6 3. d4 cxd4 4. Nxd4 Nf6 5. Nc3 a6 6. Be2 e5 7. Nb3 Be7 8. Be3
Be6 9. Nd5 Nbd7 10. Qd3 O-O 11. c4 b5 12. cxb5 axb5 13. O-O Rc8 14. Rfd1 Bxd5
15. exd5 b4 16. a3 bxa3 17. Rxa3 Nb6 18. Qb5 Nbxd5 19. Rxd5 Nxd5 20. Qxd5 Bg5
21. Bxg5 Qxg5 22. Qxd6 Rc2 23. Bd3 Rxb2 24. Qc5 Rd8 25. Bf1 Qh4 26. Nc1 e4 27.
Na2 Rbd2 28. Nc3 Re8 29. Ra4 Rdd8 30. f3 Rc8 31. Qe3 Red8 32. Rxe4 Qh5 33. Re5
Qh6 34. Qxh6 gxh6 35. Rd5 Rxd5 36. Nxd5 Rc2 37. Bd3 Ra2 38. h4 Ra3 39. Be4 Kg7
40. Nf4 Ra4 41. Nh5+ Kg8 42. Kf2 Ra2+ 43. Kg3 Rd2 44. Kh3 Rd1 45. Ng3 Re1 46.
Nf5 h5 47. Ng3 Rd1 48. Nxh5 h6 49. Kg4 Kf8 50. Nf6 Kg7 51. Kf5 Rh1 52. g3 Ra1
53. g4 Ra6 54. Nh5+ Kf8 55. Ng3 Ra2 56. Kf4 Kg8 57. Nf5 Ra6 58. Bd5 Rb6 59. Ke5
Kf8 60. Bc4 Rc6 61. Kd4 Rb6 62. h5 Rf6 63. Kc5 Kg8 64. Nd4 Kf8 65. Bb5 Ke7 66.
Bc6 Kd8 67. Nf5 Kc7 68. Be8 Kd8 69. Bb5 Kc7 70. Bc4 Kd7 71. Kd4 Ke8 72. Ke5 Rb6
73. Nd6+ Kf8 74. Nxf7 Rb4 75. Nd6 Ra4 76. Bd5 Ra7 77. Nf5 Rh7 78. Be4 Rh8 79.
Kf6 Rh7 80. Kg6 Ra7 81. Kxh6 Ra6+ {Hossa resigns} 1-0

[Event "ICS rated blitz match"]
[Site "204.178.125.65"]
[Date "2001.04.26"]
[Round "?"]
[White "Hossa"]
[Black "QuarkX"]
[Result "0-1"]
[WhiteElo "2608"]
[BlackElo "2491"]
[PlyCount "160"]
[EventDate "2001.??.??"]

1. d4 Nf6 2. c4 e6 3. Nc3 Bb4 4. Qc2 O-O 5. a3 Bxc3+ 6. Qxc3 b6 7. Bg5 Bb7 8.
e3 d6 9. f3 Nbd7 10. Bd3 c5 11. Ne2 Rc8 12. O-O Ba6 13. b3 Qc7 14. Qd2 d5 15.
cxd5 Bxd3 16. dxe6 Bxe2 17. exd7 Qxd7 18. Qxe2 cxd4 19. Rfd1 Qe6 20. Bxf6 gxf6
21. Rxd4 Qxb3 22. Qe1 Rfd8 23. Rg4+ Kh8 24. Rb4 Qc2 25. Rd4 Rxd4 26. exd4 Qb2
27. Rd1 Qxa3 28. Qd2 Qd6 29. Qh6 a5 30. Qh4 a4 31. Qg4 Rc4 32. Qe4 a3 33. g3
Rc8 34. Qg4 Qe6 35. Qf4 b5 36. d5 Qb6+ 37. Kh1 Rc4 38. Qh6 Qd6 39. Re1 Rc8 40.
Qh5 Qd7 41. Rb1 f5 42. d6 Qe6 43. Qg5 a2 44. Ra1 Ra8 45. Qd2 Qb3 46. d7 Rd8 47.
Rxa2 Qxf3+ 48. Kg1 Qc6 49. Qd4+ f6 50. Ra7 Kg7 51. Qd2 Qc5+ 52. Qf2 Qd5 53. Qg2
Qe4 54. Qd2 b4 55. Ra6 b3 56. Rd6 h6 57. h3 h5 58. Qf2 Qe5 59. Rb6 Qc3 60. Qxf5
Qxg3+ 61. Kf1 Qc3 62. Qxh5 Qc1+ 63. Kf2 Qc2+ 64. Ke1 Qc3+ 65. Kf1 Qd3+ 66. Kg2
Qxd7 67. Rxb3 Qd2+ 68. Kf1 Qc1+ 69. Kf2 Rd2+ 70. Qe2 Rxe2+ 71. Kxe2 Qc2+ 72.
Kf1 Qxb3 73. Kg2 Kg6 74. Kh2 f5 75. Kg2 f4 76. h4 Qg3+ 77. Kf1 f3 78. h5+ Kg5
79. h6 Qg2+ 80. Ke1 Qe2# {Hossa checkmated} 0-1

[Event "ICS rated blitz match"]
[Site "204.178.125.65"]
[Date "2001.04.26"]
[Round "?"]
[White "monsoon"]
[Black "Hossa"]
[Result "1-0"]
[WhiteElo "2488"]
[BlackElo "2587"]
[PlyCount "103"]
[EventDate "2001.??.??"]

1. e4 c5 2. Nf3 d6 3. d4 cxd4 4. Nxd4 Nf6 5. Nc3 e6 6. Be2 Be7 7. O-O O-O 8. f4
Nc6 9. Be3 a6 10. a4 Qc7 11. Kh1 Bd7 12. Nb3 b6 13. Bf3 Rfd8 14. Qe2 Be8 15.
Bf2 Nd7 16. Nd5 exd5 17. exd5 Nce5 18. fxe5 Nxe5 19. Bd4 f6 20. Be4 Rdc8 21.
Qf2 Rab8 22. c3 Bf7 23. a5 bxa5 24. Nxa5 Rf8 25. c4 Rb4 26. Qc2 g6 27. Qc3 Rfb8
28. b3 f5 29. Bc2 Bf6 30. Nc6 Nxc6 31. Bxf6 Ne5 32. Qg3 Bxd5 33. Rxf5 Bc6 34.
Raf1 Re8 35. R5f2 Qd7 36. Bxe5 dxe5 37. Bxg6 hxg6 38. Qxg6+ Qg7 39. Qxc6 Rbb8
40. Rf5 Rbd8 41. R5f3 Re7 42. Rg3 Qxg3 43. hxg3 Kh7 44. g4 Rb8 45. Qxa6 Rxb3
46. g5 Rb8 47. Rf3 Kh8 48. Qf6+ Rg7 49. Rh3+ Kg8 50. Qe6+ Rf7 51. g6 Rb1+ 52.
Kh2 {Hossa resigns} 1-0

[Event "ICS rated standard match"]
[Site "204.178.125.65"]
[Date "2001.04.27"]
[Round "?"]
[White "Hossa"]
[Black "ChesterX"]
[Result "0-1"]
[WhiteElo "2403"]
[BlackElo "2482"]
[PlyCount "96"]
[EventDate "2001.??.??"]

1. d4 d5 2. c4 c6 3. Nf3 Nf6 4. Nc3 e6 5. Bg5 Nbd7 6. cxd5 exd5 7. e3 Be7 8.
Bd3 O-O 9. Qc2 Re8 10. O-O Nf8 11. Rfe1 Be6 12. b3 a5 13. a3 N6d7 14. Bf4 Ng6
15. Bxg6 hxg6 16. Rf1 Bf5 17. Qd2 g5 18. Bg3 Bf6 19. Ne1 Qe7 20. Nd3 b6 21.
Rfc1 Rac8 22. Rc2 Qe6 23. b4 c5 24. dxc5 bxc5 25. bxa5 Bxd3 26. Qxd3 d4 27. Nb5
c4 28. Qd1 d3 29. Rcc1 Bxa1 30. Rxa1 Red8 31. Nd6 Rc6 32. Nb5 Qd5 33. a4 c3 34.
Nd4 c2 35. Qc1 Nc5 36. f3 Nb3 37. Nxb3 d2 38. Nxd2 Qxd2 39. Be1 Qe2 40. h4 Rd1
41. Kh2 Qxe1 42. Qxd1 Qxh4+ 43. Kg1 cxd1=Q+ 44. Rxd1 Rc2 45. Rd8+ Kh7 46. Rh8+
Kxh8 47. g3 Qxg3+ 48. Kh1 Rh2# {Hossa checkmated} 0-1

[Event "ICS Rated blitz match"]
[Site "204.178.125.65"]
[Date "2001.04.27"]
[Round "?"]
[White "Hossa"]
[Black "PostModernist"]
[Result "0-1"]
[WhiteElo "2567"]
[BlackElo "2627"]
[PlyCount "114"]
[EventDate "2001.??.??"]

1. e4 c5 2. Nf3 Nc6 3. d4 cxd4 4. Nxd4 Qc7 5. Nb5 Qa5+ 6. Bd2 Qd8 7. Bd3 Nf6 8.
O-O d6 9. Bf4 g6 10. N1c3 Bg7 11. Nd5 O-O 12. Qd2 Nxd5 13. exd5 Ne5 14. Bh6
Bxh6 15. Qxh6 Nxd3 16. cxd3 Qb6 17. Nc3 Qxb2 18. Rfc1 Qb4 19. Ne2 Qb5 20. Rc7
Qxd3 21. Nf4 Qe4 22. Kf1 b6 23. a4 Ba6+ 24. Kg1 Rfc8 25. Nh3 Qe5 26. Rxc8+ Rxc8
27. Rd1 Rc4 28. Kh1 Rxa4 29. Ng5 Qg7 30. Qxg7+ Kxg7 31. Re1 Bb7 32. Nh3 Kf6 33.
Rd1 Ra5 34. Nf4 g5 35. Nh5+ Kg6 36. Ng3 Rxd5 37. Ra1 a5 38. Kg1 f5 39. Re1 a4
40. h4 gxh4 41. Ne2 Re5 42. Nf4+ Kf7 43. Rb1 a3 44. Ra1 Ra5 45. Ne2 e5 46. Nc3
Ke6 47. Kh2 b5 48. Na2 Bd5 49. Nb4 Ra4 50. Nxd5 Kxd5 51. f3 a2 52. Rd1+ Ke6 53.
Rc1 a1=Q 54. Rc7 Qe1 55. Rc1 Qxc1 56. f4 Ra1 57. fxe5 Qh1# {Hossa checkmated}
0-1

[Event "ICS rated standard match"]
[Site "204.178.125.65"]
[Date "2001.04.27"]
[Round "?"]
[White "FERENIR"]
[Black "Hossa"]
[Result "1-0"]
[WhiteElo "2083"]
[BlackElo "2391"]
[PlyCount "103"]
[EventDate "2001.??.??"]

1. c4 c5 2. Nc3 g6 3. g3 Nf6 4. Bg2 Bg7 5. Nf3 O-O 6. d4 cxd4 7. Nxd4 d6 8. O-O
Nbd7 9. b3 Kh8 10. Bb2 Rb8 11. Qd2 Qa5 12. Rad1 Qh5 13. h3 Ne5 14. g4 Bxg4 15.
hxg4 Nfxg4 16. Rfe1 Qh2+ 17. Kf1 Qh4 18. e3 Nd3 19. Re2 Nh2+ 20. Kg1 Nxb2 21.
Qxb2 Kg8 22. Qc2 Rfe8 23. Red2 Be5 24. Qd3 a6 25. f4 Bxd4 26. exd4 Ng4 27. Qh3
Qh5 28. Qxh5 gxh5 29. Re1 Kf8 30. Rde2 e6 31. d5 e5 32. fxe5 Rxe5 33. Rxe5 dxe5
34. Be4 Kg7 35. c5 f6 36. d6 h6 37. Bxb7 Rxb7 38. c6 Rb6 39. c7 Rc6 40. Nd5
Rxd6 41. c8=Q Kg6 42. Qg8+ Kf5 43. Rf1+ Ke4 44. Nc3+ Ke3 45. Qc4 f5 46. Qe2+
Kd4 47. Rd1+ Kxc3 48. Qc4+ Kb2 49. Qc1+ Kxa2 50. Qc2+ Ka3 51. Ra1+ Kb4 52. Qc4#
{Hossa checkmated} 1-0

[Event "ICS Rated standard match"]
[Site "204.178.125.65"]
[Date "2001.04.27"]
[Round "?"]
[White "Hossa"]
[Black "sandy"]
[Result "1-0"]
[WhiteElo "2364"]
[BlackElo "2358"]
[PlyCount "63"]
[EventDate "2001.??.??"]

1. e4 c5 2. Nf3 Nc6 3. Bb5 g6 4. O-O Bg7 5. Bxc6 dxc6 6. d3 e5 7. Be3 b6 8. Nc3
h6 9. a4 a5 10. Qe2 Be6 11. Nd2 Ne7 12. f4 exf4 13. Rxf4 O-O 14. Raf1 g5 15.
R4f2 Ng6 16. Qh5 Qd7 17. h3 Ne5 18. Kh1 Rae8 19. Ndb1 f6 20. Nd2 Re7 21. Kg1 f5
22. exf5 Rxf5 23. Nde4 Ref7 24. b3 Rxf2 25. Bxf2 Bf5 26. Bg3 Ng6 27. Nd6 Rf6
28. Nxf5 Rxf5 29. Qxg6 Qd4+ 30. Bf2 Rxf2 31. Rxf2 Qxc3 32. Re2 {sandy resigns}
1-0

[Event "ICS rated standard match"]
[Site "204.178.125.65"]
[Date "2001.04.27"]
[Round "?"]
[White "FERENIR"]
[Black "Hossa"]
[Result "1-0"]
[WhiteElo "2140"]
[BlackElo "2380"]
[PlyCount "115"]
[EventDate "2001.??.??"]

1. c4 c5 2. Nc3 g6 3. g3 Nf6 4. Bg2 Bg7 5. Nf3 O-O 6. d4 cxd4 7. Nxd4 d6 8. O-O
Nbd7 9. b3 Kh8 10. Bb2 Bh6 11. Qc2 Bg7 12. Qd2 Rb8 13. Rad1 Ng4 14. h3 Bh6 15.
f4 Ngf6 16. e4 Ra8 17. g4 Bg7 18. Kh2 Ne8 19. Qf2 Nc7 20. Nde2 f5 21. exf5 gxf5
22. g5 Kg8 23. Ng3 Bh8 24. Nd5 Bxb2 25. Nxc7 Qxc7 26. Bd5+ Kh8 27. Qxb2+ e5 28.
Rde1 Rb8 29. fxe5 Nxe5 30. c5 Re8 31. cxd6 Qxd6 32. Nh5 Bd7 33. Rd1 Qc7 34. Rc1
Qd6 35. Rfd1 Qe7 36. Nf6 Bc6 37. Bxc6 bxc6 38. Qc3 Rbd8 39. Kh1 Rb8 40. Rf1 Qe6
41. Nxe8 Rxe8 42. Rce1 Kg8 43. Re3 Qd5+ 44. Kg1 Qe6 45. Rf2 Re7 46. Rfe2 Rg7
47. Rxe5 Rxg5+ 48. Kf1 Qd7 49. Qc4+ Kf8 50. Qc5+ Kg7 51. Re7+ Kg6 52. Rxd7 h6
53. Re6+ Kh5 54. Rh7 Kh4 55. Rhxh6+ Rh5 56. Qe3 f4 57. Qxf4+ Kxh3 58. Rxh5# {
Hossa checkmated} 1-0

[Event "ICS rated standard match"]
[Site "204.178.125.65"]
[Date "2001.04.27"]
[Round "?"]
[White "Hossa"]
[Black "monsoon"]
[Result "1/2-1/2"]
[WhiteElo "2354"]
[BlackElo "2078"]
[PlyCount "149"]
[EventDate "2001.??.??"]

1. d4 Nf6 2. c4 e6 3. Nf3 b6 4. g3 Bb7 5. Bg2 Be7 6. O-O O-O 7. Nc3 Ne4 8. Bd2
f5 9. Qc2 Nxc3 10. Bxc3 Be4 11. Qd2 Bf6 12. Rac1 d5 13. Bb4 Rf7 14. Ba3 Nc6 15.
e3 dxc4 16. Rxc4 Bxf3 17. Bxf3 Ne5 18. Qe2 Nxf3+ 19. Qxf3 Qd5 20. Qe2 Rd8 21.
Rfc1 Rdd7 22. Ra4 a5 23. Rac4 e5 24. dxe5 Qxe5 25. Rc6 Qe4 26. h3 g6 27. b3 Qd5
28. h4 Bg7 29. h5 gxh5 30. Qxh5 Kh8 31. R6c4 c5 32. Rf4 Kg8 33. Rh4 h6 34. Rhc4
Qe6 35. Rd1 b5 36. Rxd7 Qxd7 37. Rc1 b4 38. Rd1 Qe6 39. Bc1 a4 40. Rd8+ Rf8 41.
Rxf8+ Bxf8 42. bxa4 c4 43. Qd1 Bg7 44. a5 Qc6 45. Qc2 Qb5 46. Qe2 Kf8 47. f3
Qe5 48. Kf2 Qe6 49. Qc2 Kg8 50. Qa4 f4 51. gxf4 Qh3 52. Qe8+ Bf8 53. Qg6+ Bg7
54. e4 Qh2+ 55. Qg2 Qh4+ 56. Kf1 Kh8 57. a6 Bd4 58. e5 Bc3 59. Bd2 Bxd2 60.
Qxd2 c3 61. Qd5 Qh1+ 62. Ke2 Qg2+ 63. Ke3 Qg1+ 64. Ke4 Qb1+ 65. Qd3 Qxa2 66. f5
Qf7 67. Qd6 Qc4+ 68. Ke3 c2 69. Qxh6+ Kg8 70. Qg6+ Kh8 71. Qe8+ Kh7 72. Qe7+
Kh8 73. Qf8+ Kh7 74. Qe7+ Kh8 75. Qf8+ {Game drawn by mutual agreement} 1/2-1/2

[Event "ICS rated standard match"]
[Site "204.178.125.65"]
[Date "2001.04.27"]
[Round "?"]
[White "Tinker"]
[Black "Hossa"]
[Result "1/2-1/2"]
[WhiteElo "2322"]
[BlackElo "2328"]
[PlyCount "37"]
[EventDate "2001.??.??"]

1. e4 c5 2. Nf3 d6 3. d4 cxd4 4. Nxd4 Nf6 5. Nc3 g6 6. f4 Bg7 7. Bb5+ Bd7 8. e5
dxe5 9. fxe5 Ng8 10. e6 fxe6 11. Nxe6 Bxc3+ 12. bxc3 Qb6 13. Qd5 Bxb5 14. Ng7+
Kf8 15. Ne6+ Ke8 16. Ng7+ Kf8 17. Ne6+ Ke8 18. Ng7+ Kf8 19. Ne6+ {
Game drawn by repetition} 1/2-1/2

[Event "ICS rated standard match"]
[Site "204.178.125.65"]
[Date "2001.04.27"]
[Round "?"]
[White "Hossa"]
[Black "Petulo4"]
[Result "1-0"]
[WhiteElo "2328"]
[BlackElo "1637"]
[PlyCount "51"]
[EventDate "2001.??.??"]

1. e4 c5 2. Nf3 Nc6 3. d4 cxd4 4. Nxd4 a6 5. Nc3 e6 6. Nxc6 bxc6 7. Bd3 e5 8.
O-O d6 9. f4 Nf6 10. fxe5 dxe5 11. Qf3 Be6 12. Be3 Rb8 13. Na4 a5 14. b3 Be7
15. Nc5 O-O 16. Nxe6 fxe6 17. Bc4 Qc8 18. Qh3 Kh8 19. Bxe6 Qc7 20. Bf5 c5 21.
Bg5 h6 22. Bxh6 gxh6 23. Qxh6+ Kg8 24. Be6+ Rf7 25. Rf5 Nh7 26. Rxf7 {
Petulo4 resigns} 1-0

[Event "ICS rated standard match"]
[Site "204.178.125.65"]
[Date "2001.04.27"]
[Round "?"]
[White "Petulo4"]
[Black "Hossa"]
[Result "0-1"]
[WhiteElo "1636"]
[BlackElo "2329"]
[PlyCount "64"]
[EventDate "2001.??.??"]

1. e4 c5 2. Bc4 e6 3. Nc3 a6 4. a4 Nf6 5. d3 d5 6. exd5 exd5 7. Ba2 Be7 8. Nf3
d4 9. Ne4 O-O 10. O-O Nxe4 11. dxe4 Nc6 12. Bf4 Be6 13. Bb1 f5 14. e5 g5 15.
Qd2 gxf4 16. Qxf4 Kh8 17. h4 Qb6 18. b3 Bd5 19. c3 dxc3 20. Bc2 Qb4 21. Qh6
Bxf3 22. gxf3 Nxe5 23. Kh1 Nxf3 24. Rg1 Nxg1 25. Rxg1 Qxh4+ 26. Qxh4 Bxh4 27.
Rg2 Rad8 28. Rh2 Rd2 29. Bxf5 Rd1+ 30. Kg2 Rxf5 31. Rxh4 c2 32. Re4 Rg5+ {
Petulo4 resigns} 0-1

[Event "ICS rated standard match"]
[Site "204.178.125.65"]
[Date "2001.04.27"]
[Round "?"]
[White "Hossa"]
[Black "ChesterX"]
[Result "0-1"]
[WhiteElo "2330"]
[BlackElo "2482"]
[PlyCount "112"]
[EventDate "2001.??.??"]

1. Nf3 d5 2. d4 Nf6 3. c4 c6 4. Nc3 e6 5. e3 Nbd7 6. Bd3 dxc4 7. Bxc4 b5 8. Bd3
a6 9. O-O Bb7 10. e4 c5 11. d5 c4 12. dxe6 fxe6 13. Bc2 Qc7 14. Ng5 Nc5 15. e5
Qxe5 16. Re1 Qd6 17. Qxd6 Bxd6 18. Nxe6 Nxe6 19. Rxe6+ Kd7 20. Re1 Rae8 21. Be3
Kc7 22. h3 Be5 23. Rad1 Bxc3 24. Bf4+ Kb6 25. bxc3 Be4 26. Rd6+ Kb7 27. Rxf6
Bxc2 28. Rf7+ Kc6 29. Re3 Rxe3 30. Bxe3 a5 31. Rxg7 b4 32. Ra7 b3 33. Ra6+ Kb5
34. Rb6+ Ka4 35. axb3+ cxb3 36. c4 Rd8 37. f4 Ka3 38. Bc5+ Ka2 39. Ra6 b2 40.
Rxa5+ Kb3 41. Rb5+ Kc3 42. Rxb2 Kxb2 43. Be3 Kc3 44. c5 Kd3 45. Kf2 Ke4 46. c6
Rc8 47. Ba7 Rxc6 48. Bb8 Bd3 49. Kg1 h5 50. g4 Kf3 51. gxh5 Rc2 52. f5 Rg2+ 53.
Kh1 Kf2 54. Bc7 Be4 55. Bb6+ Kf1 56. h4 Rf2# {Hossa checkmated} 0-1

[Event "ICS rated standard match"]
[Site "204.178.125.65"]
[Date "2001.04.27"]
[Round "?"]
[White "Mehisto"]
[Black "Hossa"]
[Result "0-1"]
[WhiteElo "1997"]
[BlackElo "2321"]
[PlyCount "40"]
[EventDate "2001.??.??"]

1. c4 b6 2. Nc3 Bb7 3. e4 e5 4. Nf3 Nc6 5. a3 Nf6 6. Bd3 Be7 7. O-O d6 8. Re1
O-O 9. Bc2 Qd7 10. d4 exd4 11. Nxd4 Nxd4 12. Qxd4 Ng4 13. e5 Qe6 14. Bf4 dxe5
15. Bxe5 Bc5 16. Qd3 Bxf2+ 17. Kf1 g6 18. Bxc7 Bxe1 19. Rxe1 Qf6+ 20. Kg1 Qf2+
{Mehisto resigns} 0-1

[Event "ICS rated standard match"]
[Site "204.178.125.65"]
[Date "2001.04.27"]
[Round "?"]
[White "Hossa"]
[Black "Mehisto"]
[Result "1-0"]
[WhiteElo "2325"]
[BlackElo "1993"]
[PlyCount "53"]
[EventDate "2001.??.??"]

1. c4 Nf6 2. Nc3 g6 3. g3 Bg7 4. Nf3 O-O 5. Bg2 d6 6. O-O c6 7. d4 Qb6 8. e4
Bg4 9. h3 Bxf3 10. Bxf3 Nfd7 11. d5 Na6 12. Qe2 Ne5 13. Bg2 Qb4 14. Bg5 f6 15.
Be3 Qxc4 16. Qc2 Nb4 17. Qd2 Qd3 18. Qc1 Qc2 19. Rb1 Qxc1 20. Bxc1 c5 21. Rd1
c4 22. b3 Ned3 23. bxc4 f5 24. Bd2 Bd4 25. Be1 Bc5 26. a3 Nxe1 27. axb4 {
Mehisto resigns} 1-0

[Event "ICS rated standard match"]
[Site "204.178.125.65"]
[Date "2001.04.27"]
[Round "?"]
[White "Ciaran"]
[Black "Hossa"]
[Result "0-1"]
[WhiteElo "1586"]
[BlackElo "2329"]
[PlyCount "65"]
[EventDate "2001.??.??"]

1. d4 Nf6 2. Nf3 g6 3. e3 Bg7 4. Bd3 O-O 5. b3 d6 6. Bb2 c5 7. O-O Nc6 8. c4
Nb4 9. Nc3 cxd4 10. Nxd4 Nxd3 11. Qxd3 Kh8 12. Rad1 Bd7 13. Rfe1 Qa5 14. a3 Qh5
15. Qe2 Bg4 16. f3 Bd7 17. f4 Bg4 18. Nf3 Rfe8 19. h3 Bxf3 20. Qxf3 Qxf3 21.
gxf3 Nh5 22. Rd2 f5 23. Nd5 Bxb2 24. Rxb2 Rac8 25. Kg2 Kg8 26. Rd2 Kf7 27. Nb4
Rg8 28. h4 Rb8 29. Nd5 b5 30. cxb5 Rxb5 31. b4 Rc8 32. Ree2 e6 33. Nf6 {
Ciaran resigns} 0-1

[Event "ICS rated standard match"]
[Site "204.178.125.65"]
[Date "2001.04.28"]
[Round "?"]
[White "CIROBUR"]
[Black "Hossa"]
[Result "0-1"]
[WhiteElo "1303"]
[BlackElo "2329"]
[PlyCount "31"]
[EventDate "2001.??.??"]

1. e4 c5 2. f4 e5 3. Nf3 exf4 4. Bc4 d6 5. O-O Be6 6. Bxe6 fxe6 7. d3 e5 8. c3
Nc6 9. d4 cxd4 10. cxd4 Nf6 11. Nc3 Be7 12. dxe5 dxe5 13. Qa4 Bc5+ 14. Kh1 Ng4
15. Rd1 Nf2+ 16. Kg1 {CIROBUR resigns} 0-1

[Event "ICS rated standard match"]
[Site "204.178.125.65"]
[Date "2001.04.28"]
[Round "?"]
[White "Hossa"]
[Black "yourbestfriend"]
[Result "1-0"]
[WhiteElo "2329"]
[BlackElo "1502"]
[PlyCount "55"]
[EventDate "2001.??.??"]

1. Nf3 Nc6 2. d4 d5 3. Bf4 Bg4 4. e3 e6 5. Bd3 g6 6. O-O Bg7 7. c4 dxc4 8. Bxc4
Qe7 9. Nc3 O-O-O 10. Qe2 Nf6 11. Nb5 Kb8 12. Bxc7+ Ka8 13. Bxd8 Rxd8 14. Rfd1
Ne4 15. h3 Bxf3 16. Qxf3 Qh4 17. Qxf7 Bh6 18. Nc7+ Kb8 19. Nxe6 Rc8 20. Bd3 Nd6
21. Qxh7 Nb4 22. Bxg6 Rc2 23. Bxc2 Nxc2 24. Qh8+ Nc8 25. Qe5+ Ka8 26. Nc7+ Kb8
27. Na6+ Ka8 28. Qb8# {yourbestfriend checkmated} 1-0

[Event "ICS rated standard match"]
[Site "204.178.125.65"]
[Date "2001.04.28"]
[Round "?"]
[White "yourbestfriend"]
[Black "Hossa"]
[Result "0-1"]
[WhiteElo "1502"]
[BlackElo "2329"]
[PlyCount "34"]
[EventDate "2001.??.??"]

1. e4 c5 2. Nf3 d6 3. d4 cxd4 4. Qxd4 Nc6 5. Bb5 Bd7 6. Qa4 a6 7. Bxc6 Bxc6 8.
Qc4 Nf6 9. Bg5 Nxe4 10. O-O d5 11. Qd4 f6 12. Be3 e5 13. Qb6 d4 14. Rd1 Qxb6
15. Nxd4 exd4 16. Rxd4 Qxb2 17. Rxe4+ Bxe4 {yourbestfriend resigns} 0-1

[Event "ICS rated standard match"]
[Site "204.178.125.65"]
[Date "2001.04.28"]
[Round "?"]
[White "Hossa"]
[Black "mesa-man"]
[Result "1-0"]
[WhiteElo "2329"]
[BlackElo "1647"]
[PlyCount "35"]
[EventDate "2001.??.??"]

1. e4 e6 2. Nf3 d5 3. Nc3 Nf6 4. e5 Nfd7 5. d4 c5 6. dxc5 Nc6 7. Bb5 a6 8. Bxc6
bxc6 9. Be3 Bxc5 10. Bxc5 Nxc5 11. O-O O-O 12. Qd4 Nd7 13. Qg4 Qe7 14. Qh5 f6
15. Rfe1 fxe5 16. Nxe5 Nxe5 17. Qxe5 Rf5 18. Qxf5 {mesa-man resigns} 1-0

[Event "ICS Rated standard match"]
[Site "204.178.125.65"]
[Date "2001.04.28"]
[Round "?"]
[White "RAPhillips"]
[Black "Hossa"]
[Result "0-1"]
[WhiteElo "2090"]
[BlackElo "2330"]
[PlyCount "34"]
[EventDate "2001.??.??"]

1. c4 c5 2. Nc3 g6 3. g3 Nf6 4. Bg2 Bg7 5. e3 O-O 6. Nf3 d5 7. cxd5 Nxd5 8. O-O
c4 9. d4 cxd3 10. Nxd5 Qxd5 11. Nd4 Qd6 12. Qb3 Nc6 13. Nxc6 bxc6 14. Rd1 Rd8
15. Qc4 Rb8 16. Rb1 c5 17. b3 Rb4 {RAPhillips resigns} 0-1